| 000 | 00467 a2200121 4500 | ||
|---|---|---|---|
| 020 | _a0849326982 (alk. paper) | ||
| 082 | _a628.114 DEL | ||
| 245 |
_aThe handbook of groundwater engineering / _ceditor-in chief, Jacques W. Delleur. |
||
| 260 |
_aBoca Raton, Fla. : _bCRC Press, _c1999. |
||
| 300 |
_a1 v. (various pagings) : _bill., maps ; _c26 cm. + _e1 computer laser optical disc (4 3/4 in.) |
||
| 650 | _aGroundwater flow. | ||
| 650 |
_aGroundwater _xPollution. |
||
| 650 |
_aGroundwater _xManagement. |
||
| 999 |
_c1653 _d1653 |
||